Normal view
MARC view
Entry Personal Name
001 - CONTROL NUMBER
- control field: 24661
003 - CONTROL NUMBER IDENTIFIER
- control field: OSt
005 - DATE AND TIME OF LATEST TRANSACTION
- control field: 20220321163217.0
008 - FIXED-LENGTH DATA ELEMENTS
- fixed length control field: 220321|| aca||aabn | a|a d
040 ## - CATALOGING SOURCE
- Original cataloging agency: OSt
- Transcribing agency: OSt
100 ## - HEADING--PERSONAL NAME
- Personal name: Rajashri T Rai Perla ರಾಜಶ್ರೀ ಟಿ ರೈ ಪೆರ್ಲ
670 ## - SOURCE DATA FOUND
- Source citation: Work cat.: (OSt): Rajashri T Rai Perla ರಾಜಶ್ರೀ ಟಿ ರೈ ಪೆರ್ಲ , Tulunaadina Moorigala Aaraadhane ತುಳುನಾಡಿನ ಮೂರಿಗಳ ಆರಾಧನೆ , 2021